Consumer behavior : buying, having, and being

Αποθηκεύτηκε σε:
Λεπτομέρειες βιβλιογραφικής εγγραφής
Κύριος συγγραφέας: Solomon, Michael R.
Μορφή: Βιβλίο
Γλώσσα:English
Δημοσίευση: Upper Saddle River, N.J. : Pearson/Prentice Hall, c2004
Έκδοση:6th ed.
Θέματα:
Ετικέτες: Προσθήκη ετικέτας
Δεν υπάρχουν, Καταχωρήστε ετικέτα πρώτοι!

MARC

LEADER 00000cam a2200000 i 4500
001 1/56339
008 040528s2004 eng d
020 |a 0-13-123011-5 
035 |l 10073585 
040 |a GR-MY-UA  |b gre  |e aacr 
041 0 |a eng 
082 0 |a 658.8342 
100 1 |a Solomon, Michael R. 
245 1 0 |a Consumer behavior :  |b buying, having, and being /  |c Michael R. Solomon 
250 |a 6th ed. 
260 |a Upper Saddle River, N.J. :   |b Pearson/Prentice Hall,   |c c2004 
300 |a xviii, 621 σ.;  |b εικ.;  |c 28 εκ. 
504 |a Περιλαμβάνει βιβλιογραφικές αναφορές και ευρετήριο 
650 0 0 |a Consumer behavior. 
852 |a INST  |b CHIOS  |e 20040528  |h 658.8342 SOL  |p 005200023177  |q 005200023177  |t BK  |y 0 
901 |a BIBL2-2003-3 
909 |a Χ  |b 108919 
970 |a Σαλαμούρα  |b Μαρία  |z 2003/12/09